Statistics for Turkey First Level Subdivisions

Click here to take the quiz!

General Stats

  • This quiz has been taken 106 times
  • The average score is 44 of 81

Answer Stats

Il% Correct
Ankara
94%
Istanbul
90%
İzmir
90%
Antalya
87%
Bursa
77%
Gaziantep
77%
Adana
75%
Batman
75%
Van
75%
Edirne
71%
Konya
71%
Çanakkale
67%
Samsun
67%
Trabzon
65%
Bolu
63%
Diyarbakır
63%
Hatay
63%
Tekirdağ
63%
Erzurum
62%
Kayseri
62%
Eskişehir
60%
Kırıkkale
60%
Zonguldak
60%
Kırklareli
58%
Mersin
58%
Erzincan
56%
Isparta
56%
Kars
56%
Şanlıurfa
56%
Artvin
54%
Çorum
54%
Denizli
54%
Hakkâri
54%
Karaman
54%
Muş
54%
Rize
54%
Kahramanmaraş
52%
Kocaeli
52%
Mardin
52%
Muğla
52%
Ordu
52%
Sinop
52%
Adıyaman
50%
Afyonkarahisar
50%
Giresun
50%
Iğdır
50%
Kilis
50%
Nevşehir
50%
Şırnak
50%
Yalova
50%
Yozgat
50%
Ağrı
48%
Aksaray
48%
Ardahan
48%
Balıkesir
48%
Kastamonu
48%
Osmaniye
48%
Amasya
46%
Aydın
46%
Bartın
46%
Bingöl
46%
Bitlis
46%
Çankırı
46%
Düzce
46%
Malatya
46%
Manisa
46%
Sivas
46%
Tunceli
46%
Sakarya
44%
Bayburt
42%
Bilecik
42%
Burdur
42%
Elazığ
42%
Gümüşhane
42%
Kırşehir
42%
Kütahya
42%
Tokat
42%
Niğde
40%
Siirt
38%
Uşak
38%
Karabük
37%

Score Distribution

Percentile by Number Answered

Percent of People with Each Score

Your Score History

You have not taken this quiz